| 000 | 00809nam a2200289Ia 4500 | ||
|---|---|---|---|
| 003 | OSt | ||
| 005 | 20221006142427.0 | ||
| 006 | a|||||r|||| 00| 0 | ||
| 007 | ta | ||
| 008 | 221006b |||||||| |||| 00| 0 eng d | ||
| 020 |
_a0521217571 _c492.50 |
||
| 024 | _a6,351 | ||
| 037 | _cTextual | ||
| 040 |
_aEASL _cEASL _beng |
||
| 041 |
_2eng _aeng |
||
| 082 | _aYxM64, L8 | ||
| 100 | _aRUNCIMAN W.G Ed. | ||
| 245 | 0 |
_aMax Weber _b Selections in translation |
|
| 260 |
_aLondon _bCambridge University _c1978 |
||
| 300 |
_a398p. _ccm. |
||
| 490 | _v CEL | ||
| 650 |
_a Sociology social sciences address essays lectures _9647715 |
||
| 650 | _aCEL | ||
| 700 |
_a MATTHEWS E Tr. _9647716 |
||
| 942 |
_hYxM64, L8 _cTEXL _2CC |
||
| 999 |
_c1074437 _d1074437 |
||